000 00552nam a2200205 i 4500
001 C2-0169478
003 PPAK
005 20180729133322.0
008 980728s enka|||| ||||| | eng d
040 _aPPAK
_beng
_cPPAK
_erda
082 0 4 _a787.87092
_2 23
090 0 0 _a787.87092
_bGUI
_dR
245 0 0 _aGuitar player
264 1 _aLondon :
_bMiller Freeman Pub. ,
_cFeb - June 1995
300 _bcolour illustrations ;
_c29 cm
336 _2rdacontent
_atext
337 _2rdamedia
_aunmediated
338 _2rdacarrier
_avolume
942 _ddc
_cB
999 _c153436
_d153436